书目信息 |
| 题名: |
妇产科学及护理
|
|
| 作者: | 妇产科学及护理编写修订组修编 | |
| 分册: | ||
| 出版信息: | 北京 战士出版社 1981 |
|
| 页数: | 164页 | |
| 开本: | 19cm | |
| 丛书名: | ||
| 单 册: | ||
| 中图分类: | R473.71 , R71 | |
| 科图分类: | ||
| 主题词: | 妇科学:护理学 , 护理学:妇科学 , 产科学:护理学 , 护理学:产科学 , 妇科学 , 产科学 , 妇产科 , 妇产科病 | |
| 电子资源: | ||
| ISBN: | ||
| 000 | 00797nam0 2200325 45 | |
| 001 | 0181000977 | |
| 005 | 20040521153903.0 | |
| 010 | @dCNY0.52 | |
| 091 | @a14185.21 | |
| 100 | @a19950607d1981 em y0chiy0121 ea | |
| 101 | 0 | @achi |
| 102 | @aCN@b110000 | |
| 105 | @ay z 000yy | |
| 106 | @ar | |
| 200 | 10 | @a妇产科学及护理@Afu chan ke xue ji hu li@f妇产科学及护理编写修订组修编 |
| 210 | @a北京@c战士出版社@d1981 | |
| 215 | @a164页@d19cm | |
| 606 | @a妇科学:护理学 | |
| 606 | @a护理学:妇科学 | |
| 606 | @a产科学:护理学 | |
| 606 | @a护理学:产科学 | |
| 606 | 0 | @a妇科学 |
| 606 | 0 | @a产科学 |
| 606 | 0 | @a妇产科 |
| 606 | 0 | @a妇产科病 |
| 690 | @aR473.71@v3 | |
| 690 | @aR71 | |
| 801 | 0 | @aCN@b上海图书馆@c20040521 |
| 801 | 2 | @aCN@bNLC@c20040521 |
| 905 | @f1@b48325@dR71@e8 | |
| 妇产科学及护理/妇产科学及护理编写修订组修编.-北京:战士出版社,1981 |
| 164页;19cm |
| ISBN :CNY0.52 |
| ● |
| 相关链接 |
|
|
|
|
正题名:妇产科学及护理
索取号:R71/8
 
预约/预借
| 序号 | 登录号 | 条形码 | 馆藏地/架位号 | 状态 | 备注 |
| 1 | 0048325 | 000715998 | 第二样本阅览室/ [索取号:R71/8] | 在馆 |